LEADER 00784nam0 2200265 450 001 000006150 005 20051129131949.0 010 $a88-371-1092-8 100 $a20051129d2002----km-y0itay50------ba 101 0 $aita 102 $aIT 200 1 $aTeoria della predizione e del filtraggio$fSergio Bittanti 205 $a6. ed. 210 $aBologna$cPitagora$d2002 215 $aVII, 260 p.$cgraf.$d24 cm 610 1 $aCalcolo delle probabilità 610 1 $aStatistica$aMetodi matematici 676 $a519.2$v21 676 $a629.836$v21 700 1$aBittanti,$bSergio$09717 801 0$aIT$bUNIPARTHENOPE$c20051129$gRICA$2UNIMARC 912 $a000006150 951 $a519-T/3$b38129$cNAVA1$d2005 996 $aTeoria della predizione e del filtraggio$9740888 997 $aUNIPARTHENOPE LEADER 02753nam 2200685 450 001 9910463365903321 005 20211022030724.0 010 $a3-11-135722-8 024 7 $a10.1515/9783111357225 035 $a(CKB)3390000000035726 035 $a(EBL)3043342 035 $a(OCoLC)922946274 035 $a(SSID)ssj0000849342 035 $a(PQKBManifestationID)11966509 035 $a(PQKBTitleCode)TC0000849342 035 $a(PQKBWorkID)10812670 035 $a(PQKB)10067368 035 $a(MiAaPQ)EBC3043342 035 $a(DE-B1597)61003 035 $a(OCoLC)1013939749 035 $a(OCoLC)1049619544 035 $a(OCoLC)853255270 035 $a(DE-B1597)9783111357225 035 $a(Au-PeEL)EBL3043342 035 $a(CaPaEBR)ebr10760385 035 $a(EXLCZ)993390000000035726 100 $a20140816h19831983 uy 0 101 0 $aeng 135 $aurnn#---|u||u 181 $ctxt 182 $cc 183 $acr 200 10$aInternational study of copyright of bibliographic records in machine-readable form $ea report prepared for the International Federation of Library Associations and Institutions /$fDennis D. McDonald, Eleanor J. Rodger, and Jeffrey L. Squires 205 $aReprint 2013 210 1$aMu?nchen, Germany :$cK. G. Saur,$d1983. 210 4$d©1983 215 $a1 online resource (149 p.) 225 1 $aIFLA Publications,$x0344-6891 ;$v27 300 $aDescription based upon print version of record. 311 0 $a3-598-20393-4 320 $aIncludes bibliographical references. 327 $tFront matter --$tTable of Contents --$tIntroduction --$tPreface --$tAcknowledgements --$tSECTION 1. FINDINGS & RECOMMENDATIONS --$tSECTION 2. SUMMARY OF STUDY APPROACH --$tSECTION 3. DISCUSSION OF LEGAL ISSUES SURROUNDING BIBLIOGRAPHIC DATA EXCHANGE AMONG NATIONAL BIBLIOGRAPHIC AGENCIES --$tSECTION 4. DISCUSSION OF SURVEY FINDINGS --$tSECTION 5. DISCUSSION OF INTERVIEW FINDINGS --$tAppendices --$tBackmatter 410 0$aIFLA publications ;$v27. 606 $aCopyright$xMachine-readable bibliographic data 606 $aMachine-readable bibliographic data 608 $aElectronic books. 615 0$aCopyright$xMachine-readable bibliographic data. 615 0$aMachine-readable bibliographic data. 676 $a346.04/82 700 $aMcDonald$b Dennis D.$01042547 702 $aRodger$b Eleanor Jo 702 $aSquires$b Jeffrey L. 712 02$aInternational Federation of Library Associations and Institutions, 801 0$bMiAaPQ 801 1$bMiAaPQ 801 2$bMiAaPQ 906 $aBOOK 912 $a9910463365903321 996 $aInternational study of copyright of bibliographic records in machine-readable form$92466868 997 $aUNINA